|
|
|
|
| LEADER |
00000nab a2200000 a 4500 |
| 001 |
vtls011719604 |
| 003 |
SK-MaSNL |
| 005 |
20260303210341.0 |
| 008 |
180907 2017 xo q 000 0 slo |
| 038 |
|
|
|a PPPK
|
| 040 |
|
|
|a PPPKCL
|b slo
|c PPPK
|e AACR2
|
| 041 |
0 |
|
|a slo
|
| 044 |
|
|
|a xo
|c SK
|
| 080 |
|
|
|a 78.079
|x (234.372.4)
|2 2011
|
| 245 |
0 |
0 |
|a SĽUK na Štrbskom Plese
|c [text a foto] Spracované z podkladov tlačovej správy
|
| 300 |
|
|
|b Fotogr.
|
| 610 |
2 |
7 |
|a SĽUK (folklórny súbor)
|2 pppkcl
|9 32465
|
| 611 |
2 |
7 |
|a Tatra Flowers
|g festival
|d (2017 : Vysoké Tatry, Slovensko)
|2 pppkcl
|9 1241948
|
| 648 |
|
7 |
|a 1.-3.9.2017
|2 pppkcl
|9 1241949
|
| 650 |
0 |
7 |
|a hudobné festivaly
|2 pppkcl
|9 2958
|
| 650 |
0 |
7 |
|a kultúra
|2 pppkcl
|9 886
|
| 651 |
|
7 |
|a Vysoké Tatry (Poľsko a Slovensko : pohorie)
|2 SNKPHgeo
|9 67729
|
| 773 |
0 |
|
|t Štrbské noviny : noviny pre občanov Štrby, Tatranskej Štrby a Štrbského Plesa
|g Roč. VI, č. 10 (2017), s. 15
|x 2453-6482
|
| 852 |
|
|
|a PPPK
|b KIS3GCP
|
| 999 |
|
|
|c 2199878
|d 2201808
|